London hotspots (Record no. 115361)
[ view plain ]
| 000 -LEADER | |
|---|---|
| fixed length control field | 01361cad a22002415a 4500 |
| 001 - CONTROL NUMBER | |
| control field | L158531 |
| 008 - FIXED-LENGTH DATA ELEMENTS--GENERAL INFORMATION | |
| fixed length control field | 150413s2015 xxk f 000 0 eng d |
| 035 ## - SYSTEM CONTROL NUMBER | |
| System control number | (Sirsi) u158531 |
| 041 0# - LANGUAGE CODE | |
| Language code of text/sound track or separate title | eng |
| 110 2# - MAIN ENTRY--CORPORATE NAME | |
| Corporate name or jurisdiction name as entry element | Knight Frank |
| 9 (RLIN) | 1530 |
| 245 00 - TITLE STATEMENT | |
| Title | London hotspots |
| Remainder of title | residential development opportunity areas |
| Medium | [electronic resource] |
| 260 ## - PUBLICATION, DISTRIBUTION, ETC. | |
| Place of publication, distribution, etc. | London |
| Name of publisher, distributor, etc. | Knight Frank |
| Date of publication, distribution, etc. | 2015 |
| 520 ## - SUMMARY, ETC. | |
| Summary, etc. | A review of how the 13 residential development hotspots in London identified in the 2011 report have fared between then and 2015 with most of the areas performing in line with or beyond the achieveable new build prices forecasted. Predicts that some of the 2011 hotspots will continue to outperform well up to the end of 2018. Some additional hotspots beyond lprime Central London have been added. Notes the impact the opening of Crossrail by 2018 will have on property prices. Top 2015 hotspots are Acton, Old Oak Common, Earls court, Bayswater, Nine Elms, Victoria, Mayfair, Euston, KingsCross and Dalston & Hackney. |
| 590 ## - LOCAL NOTE (RLIN) | |
| Local note | KA |
| 650 24 - SUBJECT ADDED ENTRY--TOPICAL TERM | |
| Topical term or geographic name entry element | HOTSPOTS |
| 650 24 - SUBJECT ADDED ENTRY--TOPICAL TERM | |
| Topical term or geographic name entry element | PRIME |
| 650 24 - SUBJECT ADDED ENTRY--TOPICAL TERM | |
| Topical term or geographic name entry element | CROSSRAIL |
| 651 #4 - SUBJECT ADDED ENTRY--GEOGRAPHIC NAME | |
| Geographic name | London |
| 690 ## - LOCAL SUBJECT ADDED ENTRY--TOPICAL TERM (OCLC, RLIN) | |
| Topical term or geographic name as entry element | Residential property |
| 9 (RLIN) | 6266 |
| 690 ## - LOCAL SUBJECT ADDED ENTRY--TOPICAL TERM (OCLC, RLIN) | |
| Topical term or geographic name as entry element | Infrastructure |
| 9 (RLIN) | 6246 |
| 856 40 - ELECTRONIC LOCATION AND ACCESS | |
| Uniform Resource Identifier | <a href="https://www.knightfrank.co.uk/research/london-development-hotspots-2015-2823.aspx">https://www.knightfrank.co.uk/research/london-development-hotspots-2015-2823.aspx</a> |
| Public note | View the item free of charge at www.knightfrank.co.uk |
| 942 ## - ADDED ENTRY ELEMENTS (KOHA) | |
| Suppress in OPAC | 0 |
| Withdrawn status | Lost status | Source of classification or shelving scheme | Damaged status | Not for loan | Home library | Current library | Shelving location | Date acquired | Total Checkouts | Full call number | Barcode | Date last seen | Copy number | Price effective from | Koha item type |
|---|---|---|---|---|---|---|---|---|---|---|---|---|---|---|---|
| Dewey Decimal Classification | Virtual | Virtual | Online | 13/04/2015 | ONLINE PUBLICATION | 158531-2001 | 06/08/2019 | 1 | 06/08/2019 | Book |